000 01358nam a22003377a 4500
999 _c22147
_d22147
001 1177964
003 BDDh-ASL
005 20231015030107.0
007 hduafb---bacp
007 hdubfb---baap
008 970626s1936 ii b a 000 0 eng
010 _a 96910815
025 _aNBIL-10616
040 _aDLC
_cDLC
_dBDDh-ASL
041 1 _aeng
_hper
042 _alcode
043 _aa-ii---
050 0 0 _aMicrofilm BUL-ENG-420 (D)
082 _a954.0256
_bNAB
100 1 _aNathan, Mirza.
245 1 0 _aBahāristān-i-ghaybī, Vol.-1 :
_ba history of the Mughal wars in Assam, Cooch Behar, Bengal, Bihar and Orissa during the reigns of Jahāngīr and Shāhjahān /
_cby Mīrzā Nathan ; translated by M.I. Borah.
250 _a1st ed.
260 _aGauhati, Assam :
_bNarayani Handiqui Historical Institute,
_c1936.
300 _a1 v. :
_bmaps ;
_c22 cm.
533 _aMicrofilm.
_bNew Delhi :
_cLibrary of Congress Office ;
_bChicago :
_cAvailable from Center for Research Libraries,
_d1996.
_eOn 1 microfilm reel with other items ; 35 mm.
_f(SAMP early 20th-century Indian books project ; item 10616)
_nMaster microform held by: ICRL.
651 0 _aMogul Empire.
830 0 _aSAMP early 20th-century Indian books project ;
_vitem 10616.
906 _a7
_bcbc
_corigode
_d5
_encip
_f19
_gy-genmicro
942 _2ddc
_cBK